INTENSIVE multiple-use forest management in the tropics : analysis of case studies from India, Africa, Latin America and the Caribbean

Bibliographic Details
Corporate Author: Food and Agriculture Organization of the United Nations (FAO)
Format: Book
Published: Rome : Food and Agriculture Organization of the United Nations , 1985
Series:FAO Forestry paper; 55
Subjects:

MARC

LEADER 00000cam a2200000 7i4500
001 0000002261
005 20030421.0
090 0 0 |a FAO634.928   |b INT 1985 
245 0 0 |a INTENSIVE multiple-use forest management in the tropics :   |b analysis of case studies from India, Africa, Latin America and the Caribbean 
260 0 0 |a Rome :   |b Food and Agriculture Organization of the United Nations ,   |c 1985 
300 |a 180 p. :   |b ill., maps ;   |c 29 cm. 
440 0 0 |a FAO Forestry paper; 55 
500 0 0 |a Includes bibliographical references 
650 0 0 |a Forest management   |z Africa 
650 0 0 |a Forest management   |z Carribbean 
650 0 0 |a Forest management   |z India 
650 0 0 |a Forest management   |z Latin America 
650 0 0 |a Forests and forestry   |x Multiple use 
710 1 1 |a Food and Agriculture Organization of the United Nations (FAO) 
998 |a JPSM 
999 |a 0000004035   |b Monograph   |c Food and Agriculture Organization   |e Default branch